[Event "NRW Class1 1819"]
[Site "Germany"]
[Date "2019.04.14"]
[Round "8.4"]
[White "Schleining, Zoya"]
[Black "Rybarczyk, Klaus"]
[Result "1/2-1/2"]
[WhiteElo "2305"]
[BlackElo "2158"]
[PlyCount "90"]
[EventDate "2018.09.16"]
[EventType "team-tourn"]
[EventRounds "9"]
[EventCountry "GER"]
[SourceTitle "EXT 2022"]
[Source "ChessBase"]
[SourceDate "2021.10.06"]
[SourceVersion "1"]
[SourceVersionDate "2021.10.06"]
[SourceQuality "1"]
[WhiteTeam "Letmathe"]
[BlackTeam "Niederkassel"]
[WhiteTeamCountry "GER"]
[BlackTeamCountry "GER"]

1. Nf3 Nf6 2. g3 g6 3. Bg2 Bg7 4. b3 Ne4 5. c3 c5 6. Bb2 d5 7. d3 Nf6 8. c4 d4 9. b4 0-0 10. Nbd2 Nfd7 11. 0-0 Nc6 12. b5 Nce5 13. Nb3 Qc7 14. a4 a5 15. Ra2 Nxf3+ 16. exf3 b6 17. Re1 e5 18. f4 Bb7 19. Bc1 Bxg2 20. Kxg2 f5 21. Qf3 Kh8 22. Rae2 Rae8 23. Qc6 Qxc6+ 24. bxc6 Nb8 25. c7 Na6 26. fxe5 Nxc7 27. e6 Rf6 28. e7 Kg8 29. Bg5 Rc6 30. Bf4 Na8 31. Na1 Kf7 32. Nc2 Bf6 33. Na3 g5 34. Bb8 Rxe7 35. Nb5 Rxe2 36. Rxe2 Be7 37. Re5 Kf6 38. Rd5 Rc8 39. Be5+ Ke6 40. f4 g4 41. Bd6 Bf6 42. Be5 Be7 43. h4 Rd8 44. Rxd8 Bxd8 45. Kf2 Kd7 1/2-1/2

[Event "NRW Class1 1718"]
[Site "Germany"]
[Date "2018.04.08"]
[Round "8.6"]
[White "Boehm, Juergen1111"]
[Black "Rybarczyk, Klaus"]
[Result "1-0"]
[WhiteElo "2172"]
[BlackElo "2154"]
[PlyCount "70"]
[EventDate "2017.09.17"]
[EventType "team-tourn"]
[EventRounds "9"]
[EventCountry "GER"]
[SourceTitle "EXT 2019"]
[Source "ChessBase"]
[SourceDate "2018.10.10"]
[SourceVersion "1"]
[SourceVersionDate "2018.10.10"]
[SourceQuality "1"]
[WhiteTeam "Brackel"]
[BlackTeam "Niederkassel"]
[WhiteTeamCountry "GER"]
[BlackTeamCountry "GER"]

1. d4 d6 2. e4 g6 3. Nc3 Bg7 4. f4 a6 5. Nf3 Nd7 6. Bd3 c5 7. Be3 Ngf6 8. h3 0-0 9. 0-0 b5 10. e5 Ne8 11. Be4 d5 12. Bxd5 Rb8 13. dxc5 Nc7 14. Bb3 Bb7 15. Ng5 e6 16. Qd6 Ne8 17. Nxe6 Nxd6 18. Nxd8 Nf5 19. Nxb7 Nxe5 20. fxe5 Nxe3 21. Rf3 Bxe5 22. Nd6 Bd4 23. Kh1 Bxc5 24. Nce4 Bxd6 25. Nxd6 Rb6 26. Nxf7 Nc4 27. Raf1 Kg7 28. Bxc4 bxc4 29. b3 cxb3 30. cxb3 Rc6 31. Ne5 Rxf3 32. Rxf3 Rc2 33. a4 g5 34. Kh2 h5 35. Rf7+ Kh6 1-0

[Event "Maastricht Limburg op-A 11th"]
[Site "Maastricht"]
[Date "2017.06.02"]
[Round "1"]
[White "Rybarczyk, Klaus"]
[Black "Ernst, Sipke"]
[Result "0-1"]
[WhiteElo "2221"]
[BlackElo "2535"]
[PlyCount "116"]
[EventDate "2017.06.02"]
[EventType "swiss"]
[EventRounds "7"]
[EventCountry "NED"]
[SourceTitle "CBM 178 Extra"]
[Source "ChessBase"]
[SourceDate "2017.06.22"]
[SourceVersion "1"]
[SourceVersionDate "2017.06.22"]
[SourceQuality "1"]

1. c4 e5 2. g3 d6 3. Bg2 f5 4. d4 Be7 5. dxe5 dxe5 6. Qxd8+ Bxd8 7. Nc3 Na6 8. Nf3 e4 9. Nd4 c6 10. 0-0 Nf6 11. a3 0-0 12. b4 c5 13. bxc5 Nxc5 14. Bf4 Ne6 15. e3 Nxf4 16. gxf4 Bd7 17. Rfb1 b6 18. Bf1 g6 19. a4 Rc8 20. Ncb5 Ra8 21. Nc3 Kg7 22. a5 Re8 23. Nc2 Rc8 24. Nd4 Ra8 25. Ncb5 Bxb5 26. Rxb5 Rc8 27. Rbb1 Re7 28. Rd1 bxa5 29. Nb3 Rb7 30. Nd4 Kf7 31. Nb5 Be7 32. Rxa5 Bc5 33. Ra6 Nd7 34. Rxa7 Bxa7 35. Nd6+ Ke6 36. Nxb7 Rb8 37. Nd6 Rb2 38. Nb5 Bc5 39. Nc7+ Ke7 40. Nd5+ Kf7 41. Nc3 Nb6 42. Rc1 Ke6 43. Ra1 Rc2 44. Na4 Nd7 45. Rb1 Be7 46. Rb5 Bh4 47. Rb3 Bxf2+ 48. Kh1 h6 49. Nb6 Nf6 50. Ra3 Ng4 51. Nd5 Bh4 52. Ra6+ Kd7 53. Kg1 Bf2+ 54. Kh1 Bxe3 55. Nf6+ Nxf6 56. Rxf6 Rf2 57. Bg2 Bd4 58. Rxg6 e3 0-1

[Event "NRW Class2 1617"]
[Site "Germany"]
[Date "2016.11.13"]
[Round "3.3"]
[White "Adamski, Jan"]
[Black "Rybarczyk, Klaus"]
[Result "1-0"]
[WhiteElo "2249"]
[BlackElo "2283"]
[PlyCount "147"]
[EventDate "2016.09.25"]
[EventType "team-tourn"]
[EventRounds "9"]
[EventCountry "GER"]
[SourceTitle "EXT 2023"]
[Source "ChessBase"]
[SourceDate "2022.10.05"]
[SourceVersion "1"]
[SourceVersionDate "2022.10.05"]
[SourceQuality "1"]
[WhiteTeam "Letmathe"]
[BlackTeam "Niederkassel"]
[WhiteTeamCountry "GER"]
[BlackTeamCountry "GER"]

1. Nf3 Nf6 2. c4 g6 3. Nc3 Bg7 4. e4 d6 5. d4 0-0 6. Be2 e5 7. Be3 Qe8 8. dxe5 Ng4 9. Bg5 h6 10. Bd2 dxe5 11. Nd5 Qd8 12. Bb4 c6 13. Be7 Qd7 14. Bxf8 Bxf8 15. Nc3 Qc7 16. 0-0 Nd7 17. a3 a5 18. Rb1 Nc5 19. b4 axb4 20. axb4 Ne6 21. c5 Nf6 22. Bc4 Ne8 23. Na4 Bg7 24. Nb6 Rb8 25. Nxc8 Qxc8 26. Bxe6 Qxe6 27. Qb3 Qg4 28. b5 cxb5 29. Qxb5 Qxe4 30. c6 b6 31. Rfe1 Qf5 32. Qa6 e4 33. Nd2 Qd5 34. Qa7 Rc8 35. Nxe4 Qxc6 36. Qxb6 Qc2 37. g3 Qa4 38. Rbd1 Qa8 39. Rd7 Rb8 40. Qc5 Qa2 41. Qe7 Bf8 42. Qe5 Ra8 43. Red1 Bg7 44. Qd5 Qxd5 45. R7xd5 Ra4 46. Nc5 Rc4 47. Rd8 Rxc5 48. Rxe8+ Kh7 49. Re7 Rf5 50. Kg2 Bf8 51. Red7 Kg7 52. R1d3 Re5 53. Rf3 Be7 54. Re3 Bf6 55. Rxe5 Bxe5 56. f4 Bc3 57. g4 Bb2 58. Kf3 Ba3 59. Ke4 Bc5 60. Rc7 Bb6 61. Rd7 Bc5 62. Rd5 Bb6 63. h4 Bf2 64. h5 Bg1 65. Ra5 Bf2 66. Rd5 Bg3 67. hxg6 Kxg6 68. Rd6+ Kg7 69. Kf5 Be1 70. Rc6 Bg3 71. Rc7 Bh2 72. Rd7 Kg8 73. Kf6 Bxf4 74. Rxf7 1-0

[Event "Maastricht Limburg op-A 10th"]
[Site "Maastricht"]
[Date "2016.05.13"]
[Round "1"]
[White "Rybarczyk, Klaus"]
[Black "Fridman, Daniel"]
[Result "0-1"]
[WhiteElo "2284"]
[BlackElo "2614"]
[PlyCount "84"]
[EventDate "2016.05.13"]
[EventType "swiss"]
[EventRounds "7"]
[EventCountry "NED"]
[SourceTitle "CBM 172 Extra"]
[Source "ChessBase"]
[SourceDate "2016.06.21"]
[SourceVersion "1"]
[SourceVersionDate "2016.06.21"]
[SourceQuality "1"]

1. Nf3 d5 2. c4 d4 3. g3 Nc6 4. Bg2 e5 5. d3 Nf6 6. 0-0 Nd7 7. e3 Be7 8. exd4 exd4 9. Re1 0-0 10. Na3 Nc5 11. Ne5 Nxe5 12. Rxe5 c6 13. Nc2 a5 14. b3 Na6 15. a3 Bf6 16. Re1 Nc5 17. Rb1 Bf5 18. Bf1 Qd7 19. Bf4 Rfe8 20. Qd2 Rxe1 21. Nxe1 Ne6 22. Qc1 h6 23. Bd2 Nc5 24. Qc2 a4 25. b4 Nb3 26. Bc1 Re8 27. Bd2 Bg4 28. Ng2 g5 29. Re1 b6 30. Rxe8+ Qxe8 31. Ne1 Qe6 32. Ng2 Be7 33. f4 Bf3 34. Ne1 Bh5 35. Ng2 b5 36. cxb5 cxb5 37. Be1 Bf3 38. Bf2 Bc6 39. fxg5 Bxg5 40. h4 Bc1 41. Bxd4 Bxg2 42. Bxg2 Nxd4 0-1

[Event "NRW Class2 1516"]
[Site "Germany"]
[Date "2016.02.14"]
[Round "6.4"]
[White "Dahm, Jochen"]
[Black "Rybarczyk, Klaus"]
[Result "1-0"]
[WhiteElo "2199"]
[BlackElo "2165"]
[PlyCount "67"]
[EventDate "2015.09.27"]
[EventType "team-tourn"]
[EventRounds "9"]
[EventCountry "GER"]
[SourceTitle "EXT 2017"]
[Source "ChessBase"]
[SourceDate "2016.10.25"]
[SourceVersion "1"]
[SourceVersionDate "2016.10.25"]
[SourceQuality "1"]
[WhiteTeam "Bochum II"]
[BlackTeam "Niederkassel"]
[WhiteTeamCountry "GER"]
[BlackTeamCountry "GER"]

1. e4 c5 2. Nf3 d6 3. d4 cxd4 4. Nxd4 Nf6 5. Nc3 a6 6. h3 e5 7. Nde2 Be6 8. g4 b5 9. Bg2 Nbd7 10. Ng3 Nb6 11. 0-0 Rc8 12. Nd5 Bxd5 13. exd5 Qc7 14. g5 Nfd7 15. c3 g6 16. Ne4 Bg7 17. f4 exf4 18. Bxf4 Nc4 19. b3 Nce5 20. Be3 Nc5 21. Bxc5 dxc5 22. d6 Qd7 23. Qd5 0-0 24. Nf6+ Bxf6 25. gxf6 Nc6 26. Qg5 Nd8 27. Rae1 Kh8 28. Qh6 Rg8 29. Re4 g5 30. Rg4 Ne6 31. Be4 Rg6 32. Bxg6 fxg6 33. Re4 Nf4 34. Rfxf4 1-0

[Event "NRW Class1 1415"]
[Site "Germany"]
[Date "2015.02.08"]
[Round "6.2"]
[White "Rybarczyk, Klaus"]
[Black "Becker, Marcel"]
[Result "1/2-1/2"]
[WhiteElo "2161"]
[BlackElo "2312"]
[PlyCount "33"]
[EventDate "2014.09.14"]
[EventType "team-tourn"]
[EventRounds "9"]
[EventCountry "GER"]
[SourceTitle "EXT 2017"]
[Source "ChessBase"]
[SourceDate "2016.10.25"]
[SourceVersion "1"]
[SourceVersionDate "2016.10.25"]
[SourceQuality "1"]
[WhiteTeam "Niederkassel"]
[BlackTeam "Oberhausen"]
[WhiteTeamCountry "GER"]
[BlackTeamCountry "GER"]

1. Nf3 d5 2. g3 c6 3. Bg2 Nf6 4. 0-0 Bg4 5. Ne5 Bh5 6. c4 e6 7. cxd5 exd5 8. d4 Nbd7 9. Nd3 Bd6 10. Bf4 Qc7 11. Nc3 Bg6 12. Bxd6 Qxd6 13. Nf4 0-0 14. Nxg6 hxg6 15. Rb1 a5 16. a3 Rfe8 17. Qd3 1/2-1/2

[Event "NRW Class1 1415"]
[Site "Germany"]
[Date "2014.09.14"]
[Round "1.3"]
[White "Hecht, Carsten"]
[Black "Rybarczyk, Klaus"]
[Result "0-1"]
[WhiteElo "2167"]
[BlackElo "2161"]
[PlyCount "86"]
[EventDate "2014.09.14"]
[EventType "team-tourn"]
[EventRounds "9"]
[EventCountry "GER"]
[SourceTitle "EXT 2017"]
[Source "ChessBase"]
[SourceDate "2016.10.25"]
[SourceVersion "1"]
[SourceVersionDate "2016.10.25"]
[SourceQuality "1"]
[WhiteTeam "Lippstadt Turm"]
[BlackTeam "Niederkassel"]
[WhiteTeamCountry "GER"]
[BlackTeamCountry "GER"]

1. e4 c5 2. Nf3 d6 3. d4 cxd4 4. Nxd4 Nf6 5. Nc3 a6 6. Bg5 Nbd7 7. f4 Qc7 8. Qe2 e5 9. Nf5 h6 10. fxe5 dxe5 11. Bd2 b5 12. a3 Bb7 13. g3 Nc5 14. Bg2 g6 15. Nh4 Ne6 16. 0-0 Bg7 17. Be3 0-0 18. Rad1 Nd4 19. Bxd4 exd4 20. e5 Bxg2 21. Nxg2 Ng4 22. Qxg4 dxc3 23. bxc3 Bxe5 24. Rd7 Qxc3 25. Qe4 Rad8 26. Rxd8 Rxd8 27. Qb7 Qc5+ 28. Kh1 Qc4 29. Ne3 Qe6 30. Qf3 Rd2 31. Ng4 Bg7 32. Rf2 f5 33. Rxd2 Qe1+ 34. Kg2 Qxd2+ 35. Nf2 Qxc2 36. Qa8+ Kh7 37. Qxa6 Bd4 38. Qb7+ Kh8 39. Qb8+ Kg7 40. Qb7+ Kf6 41. Qa6+ Kg5 42. h4+ Kh5 43. g4+ Kxh4 0-1

[Event "NRW Class1 1314"]
[Site "Germany"]
[Date "2014.01.12"]
[Round "5.4"]
[White "Rybarczyk, Klaus"]
[Black "Ciornei, Dragos"]
[Result "1-0"]
[WhiteElo "2129"]
[BlackElo "2123"]
[PlyCount "119"]
[EventDate "2013.09.15"]
[EventType "team-tourn"]
[EventRounds "9"]
[EventCountry "GER"]
[SourceTitle "EXT 2015"]
[Source "ChessBase"]
[SourceDate "2014.11.20"]
[SourceVersion "1"]
[SourceVersionDate "2014.11.20"]
[SourceQuality "1"]
[WhiteTeam "Niederkassel"]
[BlackTeam "Oberhausen"]
[WhiteTeamCountry "GER"]
[BlackTeamCountry "GER"]

1. d4 Nf6 2. c4 g6 3. Nc3 Bg7 4. e4 0-0 5. Be3 d6 6. f3 e5 7. d5 Nh5 8. Qd2 f5 9. exf5 gxf5 10. 0-0-0 a6 11. Kb1 Nd7 12. Nh3 Ndf6 13. Bh6 Qe8 14. Bxg7 Nxg7 15. Bd3 Bd7 16. Nf2 b5 17. Rhg1 b4 18. Ne2 e4 19. Nd4 exd3 20. Nxd3 a5 21. Nf4 Qf7 22. Rdf1 Nfh5 23. Nd3 Qf6 24. Nc1 f4 25. g4 fxg3 26. hxg3 Qg6+ 27. Ka1 a4 28. Qxb4 a3 29. b3 Rfe8 30. g4 Nf4 31. Qd2 Rf8 32. Rh1 Qf6 33. Rh2 Be8 34. g5 Qxg5 35. Nce2 Bg6 36. Nc3 Rae8 37. Ndb5 Re7 38. Nxa3 Qf6 39. Nab5 Rfe8 40. Qd4 Qg5 41. a4 Nf5 42. Qd2 Ne3 43. Rfh1 Nc2+ 44. Ka2 Nb4+ 45. Ka3 Nc2+ 46. Ka2 Nb4+ 47. Ka3 Nbd3 48. Rh4 Qf6 49. Rg4 Qe5 50. Ne4 Rg7 51. Rhg1 Ree7 52. Rg5 Bf5 53. b4 Rxg5 54. Rxg5+ Kf7 55. Rxf5+ Qxf5 56. Nbxd6+ cxd6 57. Nxd6+ Kg6 58. Nxf5 Kxf5 59. a5 Rc7 60. c5 1-0

[Event "NRW Class1 1314"]
[Site "Germany"]
[Date "2013.12.08"]
[Round "4.3"]
[White "Rybarczyk, Klaus"]
[Black "Villwock, Martin"]
[Result "1-0"]
[WhiteElo "2129"]
[BlackElo "2179"]
[PlyCount "75"]
[EventDate "2013.09.15"]
[EventType "team-tourn"]
[EventRounds "9"]
[EventCountry "GER"]
[SourceTitle "EXT 2015"]
[Source "ChessBase"]
[SourceDate "2014.11.20"]
[SourceVersion "1"]
[SourceVersionDate "2014.11.20"]
[SourceQuality "1"]
[WhiteTeam "Niederkassel"]
[BlackTeam "Katernberg II"]
[WhiteTeamCountry "GER"]
[BlackTeamCountry "GER"]

1. Nf3 c5 2. c4 Nc6 3. Nc3 e5 4. g3 g6 5. Bg2 Bg7 6. 0-0 Nge7 7. d3 d6 8. Ne1 0-0 9. Nc2 Be6 10. Ne3 Qd7 11. Ned5 f5 12. e3 Rae8 13. Rb1 Kh8 14. Bd2 g5 15. f4 gxf4 16. gxf4 Ng6 17. Ne2 Rg8 18. Kh1 Nh4 19. Bh3 Ne7 20. Nec3 e4 21. Qh5 Nf3 22. Rbd1 Nxd2 23. Rxd2 Bxc3 24. Nxc3 exd3 25. b3 b5 26. Nxb5 d5 27. Rxd3 Qc6 28. e4 d4 29. Bg2 Rxg2 30. Kxg2 Ng6 31. Rg3 Bf7 32. Kg1 fxe4 33. Qh6 e3 34. f5 e2 35. Re1 d3 36. Rxd3 Qf6 37. Rh3 Bg8 38. fxg6 1-0

[Event "NRW Class1 1314"]
[Site "Germany"]
[Date "2013.10.06"]
[Round "2.4"]
[White "Goessling, Guido"]
[Black "Rybarczyk, Klaus"]
[Result "0-1"]
[WhiteElo "2143"]
[BlackElo "2129"]
[PlyCount "126"]
[EventDate "2013.09.15"]
[EventType "team-tourn"]
[EventRounds "9"]
[EventCountry "GER"]
[SourceTitle "EXT 2015"]
[Source "ChessBase"]
[SourceDate "2014.11.20"]
[SourceVersion "1"]
[SourceVersionDate "2014.11.20"]
[SourceQuality "1"]
[WhiteTeam "Bielefeld"]
[BlackTeam "Niederkassel"]
[WhiteTeamCountry "GER"]
[BlackTeamCountry "GER"]

1. e4 c5 2. Nf3 d6 3. d4 cxd4 4. Nxd4 Nf6 5. Nc3 a6 6. f4 Nbd7 7. a4 g6 8. Be2 Bg7 9. 0-0 0-0 10. Nf3 Qc7 11. Qe1 Nb6 12. Qh4 Bg4 13. e5 Bxf3 14. Bxf3 dxe5 15. fxe5 Qxe5 16. Bxb7 Ra7 17. Bf3 Qc5+ 18. Qf2 Qxf2+ 19. Kxf2 Nc4 20. Ra2 Nd7 21. Nd5 Nde5 22. Be2 a5 23. Rd1 e6 24. Ne3 Nb6 25. b3 Nc6 26. Bb2 Nb4 27. Bxg7 Kxg7 28. Rb2 Rc8 29. Rd6 N6d5 30. Bc4 Nc3 31. Ke1 Rcc7 32. Nd1 Nxa4 33. bxa4 Rxc4 34. Ne3 Rc3 35. Kd2 Rac7 36. Rb3 R3c5 37. c3 Nc6 38. Rb5 Ne5 39. Ra6 Nc4+ 40. Nxc4 Rxc4 41. Raxa5 Rxc3 42. Rb2 Ra3 43. Ra8 Rc4 44. a5 Rca4 45. Ke2 Rxa5 46. Rxa5 Rxa5 47. Kf2 g5 48. h3 h5 49. Kg3 f5 50. Rb8 Ra3+ 51. Kf2 g4 52. hxg4 hxg4 53. Re8 Kf6 54. Rb8 f4 55. Rb5 Ra2+ 56. Kf1 e5 57. Rb8 Kf5 58. Rb4 Ra1+ 59. Ke2 g3 60. Rb2 Rg1 61. Kd3 e4+ 62. Kd4 Rd1+ 63. Kc3 f3 0-1

[Event "NRW Class1 0506"]
[Site "Germany"]
[Date "2006.03.05"]
[Round "7.1"]
[White "Rybarczyk, Klaus"]
[Black "Tereick, Benjamin"]
[Result "0-1"]
[WhiteElo "2167"]
[BlackElo "2181"]
[PlyCount "90"]
[EventDate "2005.09.25"]
[EventType "team"]
[EventRounds "9"]
[EventCountry "GER"]
[SourceTitle "EXT 2006"]
[Source "ChessBase"]
[SourceDate "2005.11.24"]
[SourceVersion "1"]
[SourceVersionDate "2005.11.24"]
[SourceQuality "1"]
[WhiteTeam "Duesseldorf II"]
[BlackTeam "Muelheim Nord II"]
[WhiteTeamCountry "GER"]
[BlackTeamCountry "GER"]

1. d4 e6 2. g3 c5 3. Nf3 Nf6 4. Bg2 cxd4 5. 0-0 d5 6. Nxd4 e5 7. Nf3 Nc6 8. c4 d4 9. e3 Be7 10. exd4 exd4 11. Nbd2 0-0 12. Re1 Re8 13. Ne5 Nxe5 14. Rxe5 Qc7 15. Re1 Bg4 16. Qb3 Bd6 17. Ne4 Nxe4 18. Rxe4 Bf5 19. Rxe8+ Rxe8 20. Bd2 Re2 21. Qd1 Bg4 22. Bf4 Bxf4 23. Qxd4 Be5 24. Qxg4 Rxb2 25. Re1 g6 26. Bd5 Rxa2 27. Re3 Kg7 28. Qe4 Bf6 29. g4 Rd2 30. Rf3 Rd4 31. Qe3 Rxg4+ 32. Kf1 a5 33. Rh3 Qf4 34. Qa3 b6 35. Re3 Qd4 36. h3 Qd1+ 37. Re1 Rg1+ 38. Kxg1 Qxe1+ 39. Kg2 Qe5 40. Qa4 Be7 41. Qd7 Qf6 42. Qa4 Bc5 43. Qc2 a4 44. Bf3 a3 45. Bd5 Qxf2+ 0-1

[Event "Muensterland Verbandsklasse-B 0203"]
[Site "Muensterland"]
[Date "2002.11.09"]
[Round "2.8"]
[White "Kipp, Lucas"]
[Black "Rybarczyk, Klaus"]
[Result "1/2-1/2"]
[WhiteElo "1624"]
[BlackElo "1442"]
[PlyCount "138"]
[EventDate "2002.09.28"]
[EventType "team"]
[EventRounds "9"]
[EventCountry "GER"]
[SourceTitle "EXT 2004"]
[Source "ChessBase"]
[SourceDate "2003.11.25"]
[SourceVersion "1"]
[SourceVersionDate "2003.11.25"]
[SourceQuality "1"]
[WhiteTeam "Saerbeck Falke II"]
[BlackTeam "Raesfeld Erle"]
[WhiteTeamCountry "GER"]
[BlackTeamCountry "GER"]

1. d4 Nf6 2. c4 g6 3. Nc3 d5 4. cxd5 Nxd5 5. e4 Nxc3 6. bxc3 Bg7 7. Bc4 0-0 8. Be3 c5 9. Ne2 cxd4 10. cxd4 Nc6 11. 0-0 e6 12. Rc1 Kh8 13. Qd2 Qa5 14. Rfd1 Qxd2 15. Rxd2 h6 16. Bb5 a6 17. Bxc6 bxc6 18. Rb2 Bd7 19. Rb7 Be8 20. Nf4 e5 21. dxe5 Bxe5 22. Nd3 Bg7 23. Bc5 Rg8 24. Bb6 Rf8 25. Re1 Kh7 26. Nc5 Rg8 27. Na4 Be5 28. g3 Bg7 29. f4 Bh8 30. Bc7 Bd4+ 31. Kg2 c5 32. Nb6 Bc6 33. Nxa8 Bxb7 34. Nb6 Re8 35. Rd1 Rxe4 36. Kf1 Re7 37. Bd8 Re3 38. Nc4 Rf3+ 39. Ke1 Rf2 40. Ne5 Rxh2 41. Rd3 Kg8 42. Rb3 Rb2 43. Rxb2 Bxb2 44. Nd7 Bc3+ 45. Ke2 c4 46. Nc5 Bc8 47. Ne4 Bb4 48. Nf6+ Kf8 49. Nd5 Bg4+ 50. Ke3 Ba3 51. Bf6 Be6 52. Nc7 Bc5+ 53. Kf3 a5 54. Nb5 Bd5+ 55. Ke2 Be7 56. Bc3 a4 57. Kd2 g5 58. fxg5 Bxg5+ 59. Ke2 f5 60. Kf2 h5 61. Nd6 Be6 62. Kf3 Ke7 63. Nb5 Bd5+ 64. Kf2 Bf6 65. Ke3 Bxc3 66. Nxc3 Kd6 67. Kd4 Bg2 68. Kxc4 Bf3 69. Nxa4 Bd5+ 1/2-1/2

[Event "Oberliga Nord W 9900"]
[Site "Germany"]
[Date "1999.12.12"]
[Round "3.5"]
[White "Schuette, Marc"]
[Black "Rybarczyk, Klaus"]
[Result "1-0"]
[WhiteElo "2245"]
[BlackElo "2160"]
[PlyCount "151"]
[EventDate "1999.10.??"]
[EventType "team"]
[EventRounds "9"]
[EventCountry "GER"]
[SourceTitle "EXT 2003"]
[Source "ChessBase"]
[SourceDate "2002.11.25"]
[SourceVersion "1"]
[SourceVersionDate "2002.11.25"]
[SourceQuality "1"]
[WhiteTeam "Delmenhorst II"]
[BlackTeam "Hannover SV"]
[WhiteTeamCountry "GER"]
[BlackTeamCountry "GER"]

1. e4 g6 2. d4 Bg7 3. Nc3 d6 4. Be3 c6 5. a4 Nf6 6. h3 Nbd7 7. Nf3 Qa5 8. Qd2 0-0 9. Rb1 e5 10. b4 Qc7 11. Be2 Re8 12. dxe5 dxe5 13. 0-0 Nf8 14. Rfd1 Nh5 15. Bf1 Ne6 16. Qe1 Kh8 17. Ne2 Qe7 18. Ng3 Nhf4 19. a5 h5 20. Ne2 Qf6 21. Nxf4 Nxf4 22. Nd2 g5 23. Nc4 Be6 24. Nd6 Rg8 25. Nxb7 g4 26. hxg4 Bf8 27. Bxf4 Qxf4 28. gxh5 Bh6 29. Nc5 Bh3 30. Rb3 Qh4 31. Rg3 Bf4 32. Rdd3 Bg4 33. Qc3 Rg5 34. Rh3 Bxh3 35. Rxh3 Qg4 36. Qf3 f6 37. Qxg4 Rxg4 38. Rd3 Bc1 39. Be2 Rgg8 40. Rd6 Rad8 41. Rxf6 Rd2 42. Bc4 Rg5 43. Rf8+ Kh7 44. Bf7 Rxc2 45. Bg6+ Rxg6 46. hxg6+ Kxg6 47. Rc8 Bf4 48. g3 Bd2 49. Rxc6+ Kh5 50. Re6 Bc3 51. Nd3 Bd4 52. Rf6 Re2 53. Rf5+ Kh6 54. Nxe5 Rxe4 55. Nd3 Re2 56. Rf4 Bc3 57. Rc4 Bg7 58. b5 Rd2 59. Nf4 Bd4 60. Rc6+ Kh7 61. Rc7+ Kh6 62. Nh3 Ra2 63. Rd7 Bc5 64. Rd5 Rc2 65. g4 Kg7 66. Kg2 Kf6 67. Rf5+ Kg7 68. Ng5 Kg6 69. Ne4 Bd4 70. Rd5 Rc4 71. f4 Ra4 72. f5+ Kg7 73. g5 Be3 74. Kf3 Ra3 75. Rd7+ Kf8 76. g6 1-0

[Event "Oberliga Nord W 9899"]
[Site "Germany"]
[Date "1999.01.10"]
[Round "4.5"]
[White "Loeber, Wolfgang"]
[Black "Rybarczyk, Klaus"]
[Result "0-1"]
[WhiteElo "2185"]
[BlackElo "2130"]
[PlyCount "120"]
[EventDate "1998.10.??"]
[EventType "team"]
[EventRounds "9"]
[EventCountry "GER"]
[SourceTitle "EXT 2003"]
[Source "ChessBase"]
[SourceDate "2002.11.25"]
[SourceVersion "1"]
[SourceVersionDate "2002.11.25"]
[SourceQuality "1"]
[WhiteTeam "Braunschweig SF"]
[BlackTeam "Hannover SV"]
[WhiteTeamCountry "GER"]
[BlackTeamCountry "GER"]

1. c4 Nf6 2. Nc3 g6 3. e4 d6 4. d4 Bg7 5. Bg5 0-0 6. f4 c5 7. d5 b5 8. cxb5 Qa5 9. Bd3 a6 10. b6 Nbd7 11. Nf3 c4 12. b7 Bxb7 13. Bc2 Qb6 14. Na4 Qe3+ 15. Qe2 Qxe2+ 16. Kxe2 e6 17. dxe6 fxe6 18. Nc3 Nc5 19. e5 Bxf3+ 20. gxf3 dxe5 21. fxe5 Nfd7 22. Rad1 Rf7 23. f4 h6 24. Bxg6 hxg5 25. Bxf7+ Kxf7 26. fxg5 Nxe5 27. h4 Rb8 28. Rdf1+ Ke7 29. Nd1 Ncd3 30. b3 cxb3 31. axb3 Rxb3 32. h5 Nc5 33. h6 Bh8 34. g6 Nxg6 35. Rhg1 Ne5 36. Rg8 Ne4 37. Rff8 Ng6 38. Re8+ Kf7 39. Rxg6 Kxg6 40. Rxe6+ Nf6 41. Rxa6 Kxh6 42. Ne3 Kg5 43. Ra8 Bg7 44. Ra5+ Kf4 45. Nf5 Bf8 46. Nd4 Re3+ 47. Kf1 Be7 48. Nf5 Rf3+ 49. Kg2 Ba3 50. Nd4 Rg3+ 51. Kf1 Rd3 52. Ne6+ Kg3 53. Ke2 Rc3 54. Nd4 Bc5 55. Ra4 Ne4 56. Nf5+ Kf4 57. Nh4 Rc2+ 58. Kd1 Rh2 59. Ng6+ Ke3 60. Rc4 Ba3 0-1

[Event "Oberliga Nord W 9899"]
[Site "Germany"]
[Date "1998.12.13"]
[Round "3.4"]
[White "Heinsohn, Thomas"]
[Black "Rybarczyk, Klaus"]
[Result "1/2-1/2"]
[WhiteElo "2235"]
[BlackElo "2130"]
[PlyCount "54"]
[EventDate "1998.10.??"]
[EventType "team"]
[EventRounds "9"]
[EventCountry "GER"]
[SourceTitle "EXT 2003"]
[Source "ChessBase"]
[SourceDate "2002.11.25"]
[SourceVersion "1"]
[SourceVersionDate "2002.11.25"]
[SourceQuality "1"]
[WhiteTeam "Delmenhorst II"]
[BlackTeam "Hannover SV"]
[WhiteTeamCountry "GER"]
[BlackTeamCountry "GER"]

1. d4 Nf6 2. c4 c5 3. Nf3 cxd4 4. Nxd4 e5 5. Nb5 d5 6. cxd5 Bc5 7. e3 0-0 8. N5c3 e4 9. a3 a6 10. b4 Bd6 11. Bb2 Be5 12. Be2 Nbd7 13. Nd2 Nb6 14. Rc1 Nbxd5 15. Nc4 Bc7 16. Nxd5 Nxd5 17. Qd4 Nf6 18. 0-0 Qe7 19. Nb6 Bxb6 20. Qxb6 Qe6 21. Qxe6 Bxe6 22. Rc7 Nd5 23. Rc5 b5 24. Rfc1 Nb6 25. Rc6 Nc4 26. Bxc4 Bxc4 27. Rd1 Bd3 1/2-1/2